000 00472nam a2200181Ia 4500
005 20220917123016.0
008 131103s9999 xx 000 0 und d
040 _aLoreto College
041 _aEnglish
082 _aF
_bMAC
100 _aMacgregor,Scott
245 _aGod on God
_b what on earth was he thinking?
_cScott Macgregor
260 _aNew Delhi
_bPenguin Books
_c2002
300 _a186 p.
650 _aFiction in English
850 _aLCLIB
942 _cBK
999 _c15996
_d66475